[Event "Quebec op Open"]
[Site "Montreal CAN"]
[Date "2010.07.30"]
[Round "8"]
[White "Voskanyan, Vahagn"]
[Black "Larochelle, Martial"]
[Result "1-0"]
[WhiteElo "2202"]
[BlackElo "2208"]
[PlyCount "69"]
[EventDate "2010.07.24"]
[EventType "swiss"]
[EventRounds "9"]
[EventCountry "CAN"]

1. Nf3 Nf6 2. c4 g6 3. g3 Bg7 4. Bg2 O-O 5. O-O d6 6. d4 Nbd7 7. Nc3 e5 8. h3
a6 9. Be3 Re8 10. Qc1 Rb8 11. Rd1 exd4 12. Nxd4 Ne5 13. b3 Bd7 14. Bg5 Qc8 15.
Kh2 h6 16. Be3 Kh7 17. Nd5 Ng8 18. a4 Nc6 19. Ra2 Re5 20. Nf3 Re8 21. c5 dxc5
22. Qxc5 Nf6 23. Nxf6+ Bxf6 24. Qc1 Bg7 25. Rc2 Bf5 26. Rc4 Be4 27. Rxe4 Rxe4
28. Ng5+ hxg5 29. Bxe4 Qe6 30. Bd5 Qf6 31. Kg2 Bh6 32. h4 Ne7 33. hxg5 Qe5 34.
Bf4 Qxe2 35. Bf3 1-0

[Event "Quebec op Open"]
[Site "Montreal CAN"]
[Date "2010.07.31"]
[Round "9"]
[White "Acosta, Mariano"]
[Black "Charbonneau, Anne-Marie"]
[Result "0-1"]
[WhiteElo "2261"]
[BlackElo "1975"]
[PlyCount "98"]
[EventDate "2010.07.24"]
[EventType "swiss"]
[EventRounds "9"]
[EventCountry "CAN"]

1. b4 d5 2. Bb2 Nf6 3. e3 Bf5 4. Nf3 e6 5. a3 Nbd7 6. h3 c5 7. bxc5 Bxc5 8. Nh4
Bg6 9. Nxg6 hxg6 10. c4 Nb6 11. cxd5 Nbxd5 12. Bb5+ Kf8 13. O-O g5 14. Be2 Rh4
15. d4 Bb6 16. Nc3 g4 17. Nxd5 Qxd5 18. hxg4 Ke7 19. f3 Rah8 20. Bc3 Qg5 21.
Bb4+ Kd8 22. Kf2 Rh2 23. Rg1 Nd5 24. f4 Qh4+ 25. Kf3 Nf6 26. g5 Qg4+ 27. Kf2
Ne4+ 28. Kf1 Qg3 29. Qe1 Qxe3 30. Bh5 Ng3+ 31. Qxg3 Qxg3 32. Bf3 Rh1 33. Ke2
Rxg1 34. Rxg1 Qxf4 35. Rd1 Qxg5 36. Bd2 Qb5+ 37. Ke3 Qb3+ 38. Ke2 Qc4+ 39. Kf2
Ke8 40. Be3 Qc2+ 41. Rd2 Qb1 42. Rd1 Qb2+ 43. Rd2 Qxa3 44. Bxb7 Ke7 45. Ke2 Qb3
46. Be4 Rd8 47. Bc2 Qc3 48. Bg5+ f6 49. Be3 Bxd4 0-1

[Event "Quebec op Open"]
[Site "Montreal CAN"]
[Date "2010.07.31"]
[Round "9"]
[White "Auger, Bertrand"]
[Black "Poulin, Maurice"]
[Result "1-0"]
[WhiteElo "1950"]
[BlackElo "2028"]
[PlyCount "45"]
[EventDate "2010.07.24"]
[EventType "swiss"]
[EventRounds "9"]
[EventCountry "CAN"]

1. Nf3 g6 2. g3 Bg7 3. d4 d6 4. Bg2 Nf6 5. c4 O-O 6. O-O Na6 7. b3 c5 8. Bb2
cxd4 9. Nxd4 Nc5 10. Nc3 a6 11. h3 Qc7 12. Rc1 Qa5 13. Qd2 Ncd7 14. Rfd1 Qh5
15. g4 Qc5 16. Nd5 Nxd5 17. cxd5 Qb6 18. Rc2 Rd8 19. Rdc1 Nf6 20. a4 Ne8 21. a5
Qa7 22. Qe3 Kf8 23. Rxc8 1-0

[Event "Quebec op Open"]
[Site "Montreal CAN"]
[Date "2010.07.31"]
[Round "9"]
[White "Beaini, Massoud"]
[Black "Lemieux, Serge"]
[Result "1-0"]
[WhiteElo "1450"]
[BlackElo "1455"]
[PlyCount "123"]
[EventDate "2010.07.24"]
[EventType "swiss"]
[EventRounds "9"]
[EventCountry "CAN"]

1. d4 d5 2. c4 dxc4 3. Nc3 e5 4. d5 Nf6 5. e4 a6 6. Bxc4 b5 7. Bd3 Nbd7 8. f3
Bb4 9. Nge2 Bc5 10. Bd2 Bb7 11. a3 O-O 12. b4 Bb6 13. Qc1 Rc8 14. Be3 Ne8 15.
O-O Nd6 16. a4 f5 17. axb5 Bxe3+ 18. Qxe3 f4 19. Qd2 axb5 20. Nxb5 Nxb5 21.
Bxb5 Rf6 22. Ra7 Rb8 23. Qc2 Nb6 24. Qb3 Kf8 25. Rc1 Nc8 26. Ra2 Nd6 27. Bd3
Ne8 28. Rac2 Bc8 29. Bc4 Rh6 30. Qc3 Qd6 31. b5 Qc5+ 32. Kh1 Qe7 33. Qe1 Rbb6
34. Nc3 Rh5 35. Bf1 Rbh6 36. h3 Qg5 37. Kh2 Rg6 38. Qf2 Rd6 39. Na4 Qe7 40. b6
g5 41. bxc7 g4 42. fxg4 Bxg4 43. c8=Q Bxc8 44. Rxc8 Kf7 45. Nc5 Nf6 46. Qf3 Rg5
47. Ne6 Rg3 48. Qe2 Re3 49. Qb5 f3 50. Ng5+ Kg6 51. Nxf3 Nxe4 52. Bd3 Qf6 53.
Bxe4+ Rxe4 54. Qe8+ Kh6 55. R8c6 Kg7 56. Rxd6 Qf4+ 57. Kh1 Qxc1+ 58. Ng1 Qf4
59. Qe6 Qf8 60. Rd7+ Kh8 61. Rf7 Qd8 62. Qh6 1-0

[Event "Quebec op Open"]
[Site "Montreal CAN"]
[Date "2010.07.31"]
[Round "9"]
[White "Berube, Antoine"]
[Black "MacKinnon, Keith"]
[Result "0-1"]
[WhiteElo "2093"]
[BlackElo "2280"]
[PlyCount "74"]
[EventDate "2010.07.24"]
[EventType "swiss"]
[EventRounds "9"]
[EventCountry "CAN"]

1. d4 Nf6 2. c4 e6 3. Nc3 Bb4 4. Nf3 b6 5. Bg5 h6 6. Bh4 g5 7. Bg3 Ne4 8. Qc2
Bb7 9. Be5 Rg8 10. Nd2 Bxc3 11. bxc3 Nxd2 12. Qh7 Rg6 13. Qh8+ Ke7 14. Qxd8+
Kxd8 15. Kxd2 Nc6 16. Bg3 Na5 17. c5 Bd5 18. h4 f6 19. hxg5 fxg5 20. f3 Bc4 21.
e4 Bxf1 22. Raxf1 bxc5 23. Rh2 Rb8 24. Rfh1 Rb2+ 25. Kd3 c4+ 26. Ke3 Rc2 27. d5
Rxc3+ 28. Kd4 Rd3+ 29. Kc5 exd5 30. Rxh6 Rxh6 31. Rxh6 c3 32. Rh8+ Ke7 33. Rh7+
Ke6 34. Rh6+ Kf7 35. Rh1 d4 36. Bxc7 c2 37. Rc1 Rc3+ 0-1

[Event "Quebec op Open"]
[Site "Montreal CAN"]
[Date "2010.07.31"]
[Round "9"]
[White "Enkh-Amar, Galbadrakh"]
[Black "Khassanov, Marat"]
[Result "1-0"]
[WhiteElo "2146"]
[BlackElo "2303"]
[PlyCount "72"]
[EventDate "2010.07.24"]
[EventType "swiss"]
[EventRounds "9"]
[EventCountry "CAN"]

1. Nf3 d5 2. c4 c6 3. d4 e6 4. e3 Nf6 5. Nc3 Nbd7 6. Bd3 Bd6 7. O-O O-O 8. e4
dxc4 9. Bxc4 e5 10. Bg5 Qe7 11. d5 h6 12. dxc6 bxc6 13. Bh4 Rd8 14. Qc2 Nf8 15.
Bg3 Ng6 16. Nh4 Nxh4 17. Bxh4 Bc5 18. Rad1 Bd4 19. Kh1 Rb8 20. f3 Be6 21. Bxe6
Qxe6 22. b3 Rd6 23. Ne2 Rbd8 24. Nxd4 Rxd4 25. Rxd4 Rxd4 26. Bf2 Rd7 27. Rc1
Rc7 28. Qc5 Ne8 29. h3 f6 30. Rd1 Qc8 31. Kh2 Kf7 32. Qc4+ Qe6 33. Qc5 Qc8 34.
Be1 Kg6 35. Qc4 Re7 36. Ba5 Qb7 1-0

[Event "Quebec op Open"]
[Site "Montreal CAN"]
[Date "2010.07.31"]
[Round "9"]
[White "Gagnon, Serge"]
[Black "Larochelle, Martial"]
[Result "0-1"]
[WhiteElo "2072"]
[BlackElo "2208"]
[PlyCount "72"]
[EventDate "2010.07.24"]
[EventType "swiss"]
[EventRounds "9"]
[EventCountry "CAN"]

1. c4 Nf6 2. Nf3 g6 3. Nc3 Bg7 4. e4 d6 5. d4 O-O 6. Be2 e5 7. O-O Nc6 8. d5
Ne7 9. Ne1 Nd7 10. Be3 f5 11. f3 f4 12. Bf2 g5 13. Nd3 Ng6 14. c5 Nf6 15. Rc1
Rf7 16. a4 Bf8 17. a5 a6 18. Na4 g4 19. cxd6 Bxd6 20. Nac5 g3 21. hxg3 fxg3 22.
Bxg3 Nh5 23. Bh2 Qf6 24. Ne6 Kh8 25. g4 Ng7 26. Nxg7 Rxg7 27. Nc5 Nf4 28. Bxf4
exf4 29. Rf2 Be5 30. Rh2 Bxb2 31. Rc4 Be5 32. Kg2 Bxg4 33. Kh1 Rag8 34. Nb3 Bh3
35. Rc1 Qh4 36. Rxh3 Qxh3# 0-1

[Event "Quebec op Open"]
[Site "Montreal CAN"]
[Date "2010.07.31"]
[Round "9"]
[White "Laurain, Guy"]
[Black "Abran, David"]
[Result "1-0"]
[WhiteElo "2148"]
[BlackElo "1798"]
[PlyCount "65"]
[EventDate "2010.07.24"]
[EventType "swiss"]
[EventRounds "9"]
[EventCountry "CAN"]

1. e4 c5 2. Nf3 d6 3. d4 cxd4 4. Nxd4 Nf6 5. Nc3 a6 6. Be2 e5 7. Nb3 Be6 8. f4
Qc7 9. a4 Nbd7 10. f5 Bc4 11. Be3 Be7 12. O-O Rc8 13. a5 h6 14. Ra4 Bxe2 15.
Qxe2 d5 16. exd5 b5 17. axb6 Nxb6 18. Rxa6 Nbxd5 19. Nxd5 Nxd5 20. Qb5+ Qd7 21.
Qxd7+ Kxd7 22. Rd1 Rxc2 23. Rxd5+ Kc7 24. Ra7+ Kc6 25. Rdd7 Bd8 26. Rd2 Rxd2
27. Nxd2 Bc7 28. Kf2 Rd8 29. Ke2 Rd5 30. b4 e4 31. g4 Rd3 32. b5+ Kd7 33. b6
1-0

[Event "Quebec op Open"]
[Site "Montreal CAN"]
[Date "2010.07.31"]
[Round "9"]
[White "Libersan, Thierry"]
[Black "Hajiyev, Elshad"]
[Result "1-0"]
[WhiteElo "2118"]
[BlackElo "2121"]
[PlyCount "29"]
[EventDate "2010.07.24"]
[EventType "swiss"]
[EventRounds "9"]
[EventCountry "CAN"]

1. e4 d5 2. exd5 Qxd5 3. Nc3 Qd6 4. d4 c6 5. Bc4 Nf6 6. Nge2 Bg4 7. f3 Bf5 8.
Bb3 Na6 9. Bf4 Qd7 10. g4 Bg6 11. h4 h5 12. g5 Nd5 13. Nxd5 cxd5 14. Nc3 e6 15.
Ba4 1-0

[Event "Quebec op Open"]
[Site "Montreal CAN"]
[Date "2010.07.31"]
[Round "9"]
[White "Luksza, Arkadiusz"]
[Black "Voskanyan, Vahagn"]
[Result "0-1"]
[WhiteElo "2195"]
[BlackElo "2202"]
[PlyCount "111"]
[EventDate "2010.07.24"]
[EventType "swiss"]
[EventRounds "9"]
[EventCountry "CAN"]

1. c4 c6 2. d4 d5 3. e3 Nf6 4. Nc3 e6 5. Nf3 Nbd7 6. Qc2 Bd6 7. e4 dxe4 8. Nxe4
Nxe4 9. Qxe4 Nf6 10. Qc2 c5 11. dxc5 Bxc5 12. Be2 Qc7 13. O-O Bd7 14. Qc3 O-O
15. Be3 Bxe3 16. Qxe3 Bc6 17. h3 b6 18. Rac1 Qb7 19. Rfd1 Rfd8 20. b3 h6 21.
Rxd8+ Rxd8 22. Rd1 Rxd1+ 23. Bxd1 Be4 24. Qd2 Qc7 25. Bc2 Bxf3 26. gxf3 Nh5 27.
Bd3 Nf4 28. Bf1 e5 29. b4 Ne6 30. Qd5 g6 31. a3 Kg7 32. Kh1 Kf6 33. Qd2 h5 34.
Qd5 Nf4 35. Qd2 Qc6 36. Qd1 Ke7 37. Kg1 Qd6 38. Qc1 Ne6 39. h4 Qd4 40. Qe3 Kf6
41. Qe4 Qd6 42. Qb7 Qe7 43. Qb8 Qc7 44. Qxc7 Nxc7 45. Bh3 Ke7 46. Kf1 f5 47.
Ke1 Ne6 48. Kd2 Kf6 49. a4 g5 50. Kc3 gxh4 51. c5 bxc5 52. b5 Ke7 53. Bxf5 Nf4
54. a5 Kd6 55. Kc4 h3 56. b6 0-1

[Event "Quebec op Open"]
[Site "Montreal CAN"]
[Date "2010.07.31"]
[Round "9"]
[White "Ramaswamy, Kishor"]
[Black "Plante, Michel"]
[Result "1-0"]
[WhiteElo "2178"]
[BlackElo "2108"]
[PlyCount "61"]
[EventDate "2010.07.24"]
[EventType "swiss"]
[EventRounds "9"]
[EventCountry "CAN"]

1. d4 d6 2. Nf3 g6 3. Bg5 Bg7 4. c3 Nd7 5. Nbd2 h6 6. Bh4 Ngf6 7. e4 e5 8. dxe5
dxe5 9. Qc2 g5 10. Bg3 Nh5 11. Nc4 Qe7 12. Ne3 Nb6 13. a4 a5 14. Nd2 Be6 15.
Ndc4 Nxc4 16. Bxc4 O-O-O 17. Qb3 Nf4 18. O-O Rd6 19. Qb5 Ra6 20. Rfd1 Bd7 21.
Qxd7+ Qxd7 22. Rxd7 Kxd7 23. Bxa6 bxa6 24. Rd1+ Kc6 25. Nc4 Rb8 26. Nxa5+ Kb6
27. b4 c5 28. Rd6+ Kc7 29. Rc6+ Kd7 30. Rxc5 f6 31. Bxf4 1-0

[Event "Quebec op Open"]
[Site "Montreal CAN"]
[Date "2010.07.31"]
[Round "9"]
[White "Robichaud, Louis"]
[Black "Giroux, Robert"]
[Result "1/2-1/2"]
[WhiteElo "2025"]
[BlackElo "2062"]
[PlyCount "102"]
[EventDate "2010.07.24"]
[EventType "swiss"]
[EventRounds "9"]
[EventCountry "CAN"]

1. e4 e5 2. Nf3 Nc6 3. Bb5 a6 4. Ba4 Nf6 5. O-O Be7 6. Re1 b5 7. Bb3 d6 8. c3
O-O 9. h3 Na5 10. Bc2 c5 11. d4 Nd7 12. Nbd2 exd4 13. cxd4 Nc6 14. e5 Nb4 15.
Bb1 dxe5 16. dxe5 Nb6 17. Ne4 Qxd1 18. Rxd1 Bf5 19. Nf6+ Bxf6 20. Bxf5 Be7 21.
a3 N4d5 22. Bd2 a5 23. Be4 Rfd8 24. Rac1 h6 25. Be1 b4 26. Nd2 Rab8 27. Nc4
Nxc4 28. Rxc4 Nb6 29. Rcc1 Rxd1 30. Rxd1 Rd8 31. Rxd8+ Bxd8 32. axb4 cxb4 33.
b3 g5 34. g3 Nd7 35. f4 Nc5 36. Bd5 Kf8 37. Kf1 f6 38. exf6 Bxf6 39. fxg5 hxg5
40. Bf2 Be7 41. Ke2 Kg7 42. Bd4+ Kg6 43. g4 Bd6 44. Kf3 Nd7 45. Bb2 Nc5 46. Ke3
a4 47. bxa4 Nxa4 48. Be4+ Kf7 49. Bd4 Nc5 50. Bd5+ Kg6 51. Bxc5 Bxc5+ 1/2-1/2

[Event "Quebec op Open"]
[Site "Montreal CAN"]
[Date "2010.07.31"]
[Round "9"]
[White "Rosen, Matthew"]
[Black "Nicula, Marius"]
[Result "0-1"]
[WhiteElo "2113"]
[BlackElo "2183"]
[PlyCount "94"]
[EventDate "2010.07.24"]
[EventType "swiss"]
[EventRounds "9"]
[EventCountry "CAN"]

1. d4 e6 2. Nf3 f5 3. c4 Nf6 4. g3 d5 5. Bg2 c6 6. O-O Bd6 7. Nc3 O-O 8. Bf4
Bxf4 9. gxf4 Ne4 10. Ne5 Qh4 11. e3 Nd7 12. Nxd7 Bxd7 13. cxd5 exd5 14. Ne2 Rf6
15. f3 Nd6 16. Qb3 Rh6 17. h3 Rg6 18. Kh2 Re8 19. Rad1 Rge6 20. e4 fxe4 21.
fxe4 Nxe4 22. f5 R6e7 23. Rf4 Qh6 24. Bxe4 Rxe4 25. Rxe4 Rxe4 26. Ng3 Qf4 27.
Rf1 Re2+ 28. Kh1 Rf2 29. Rxf2 Qxf2 30. Qxb7 Qf3+ 31. Kh2 Qf2+ 32. Kh1 Qxg3 33.
Qxd7 Qxh3+ 34. Kg1 Qg3+ 35. Kh1 h6 36. Qxc6 Qh3+ 37. Kg1 Qxf5 38. Qa8+ Kh7 39.
Qxa7 Qb1+ 40. Kg2 Qxb2+ 41. Kh1 Qc1+ 42. Kg2 Qg5+ 43. Kf2 Qf4+ 44. Kg1 h5 45.
a4 h4 46. Qe7 Qg4+ 47. Kh2 h3 0-1

[Event "Quebec op Open"]
[Site "Montreal CAN"]
[Date "2010.07.31"]
[Round "9"]
[White "Sasseville, Jean"]
[Black "Robidas, Francois"]
[Result "1/2-1/2"]
[WhiteElo "1939"]
[BlackElo "2002"]
[PlyCount "91"]
[EventDate "2010.07.24"]
[EventType "swiss"]
[EventRounds "9"]
[EventCountry "CAN"]

1. Nf3 d5 2. d4 Nf6 3. c4 e6 4. g3 c5 5. cxd5 exd5 6. Bg2 Nc6 7. O-O Be7 8. Nc3
O-O 9. Bg5 cxd4 10. Nxd4 h6 11. Be3 Re8 12. Rc1 Bg4 13. h3 Be6 14. Nxc6 bxc6
15. Bd4 Qd7 16. Kh2 Rab8 17. e4 dxe4 18. Nxe4 Nxe4 19. Bxe4 c5 20. Be5 Rb4 21.
Qxd7 Bxd7 22. Bd5 Bg5 23. f4 Rxe5 24. fxe5 Rxb2+ 25. Kh1 Bxc1 26. Bxf7+ Kf8 27.
Bd5+ Ke7 28. Rxc1 Bxh3 29. Rxc5 Re2 30. Bb3 Rd2 31. Bd5 Re2 32. Rc7+ Kd8 33.
Rxa7 Rxe5 34. Bg2 Re1+ 35. Kh2 Be6 36. a4 Bc4 37. Rxg7 Ra1 38. Bc6 Bb3 39. Rg4
Kc7 40. Be8 Bd5 41. Rg7+ Kd8 42. Rd7+ Kxe8 43. Rxd5 Rxa4 44. Rd6 h5 45. Rh6 h4
46. Rxh4 1/2-1/2

[Event "Quebec op Open"]
[Site "Montreal CAN"]
[Date "2010.07.31"]
[Round "9"]
[White "Sharpe, Michael"]
[Black "Yao, Houji"]
[Result "1/2-1/2"]
[WhiteElo "1726"]
[BlackElo "1669"]
[PlyCount "150"]
[EventDate "2010.07.24"]
[EventType "swiss"]
[EventRounds "9"]
[EventCountry "CAN"]

1. c4 Nf6 2. Nc3 d5 3. cxd5 Nxd5 4. g3 g6 5. Bg2 Nxc3 6. bxc3 Bg7 7. Nf3 O-O 8.
O-O Bg4 9. Ba3 c6 10. d4 Nd7 11. Qc2 Re8 12. Rad1 Qc7 13. c4 e5 14. d5 cxd5 15.
Rxd5 Be6 16. Bd6 Qc8 17. Rdd1 Qxc4 18. Qxc4 Bxc4 19. Rd2 Rac8 20. Rb1 b5 21.
Bh3 f5 22. g4 Bh6 23. g5 e4 24. gxh6 exf3 25. exf3 Nb6 26. Bf1 Red8 27. Bf4
Rxd2 28. Bxd2 Bxa2 29. Rxb5 Bd5 30. Kg2 Kf7 31. Be3 Bc6 32. Rb1 Nd7 33. Bxa7
Ne5 34. Be2 g5 35. Bd4 Ng6 36. Bc4+ Ke7 37. Re1+ Kd6 38. Re6+ Kd7 39. Rf6 Bxf3+
40. Kxf3 Nh4+ 41. Ke2 Rxc4 42. Kd3 Rc7 43. Rf7+ Kc6 44. Rxc7+ Kxc7 45. Bf6 Kd7
46. f4 Nf3 47. fxg5 Ke6 48. h3 Nh4 49. Ke3 Ng6 50. Kd4 Kd6 51. Ke3 Kd5 52. Kf3
f4 53. h4 Nxh4+ 54. Kxf4 Ke6 55. Bb2 Ng6+ 56. Kg4 Ne7 57. Ba1 Kf7 58. Kh5 Kg8
59. Bf6 Ng6 60. Kg4 Kf7 61. Kf5 Nf8 62. Bb2 Ng6 63. Bf6 Nh4+ 64. Kg4 Ng2 65.
Kf5 Ne3+ 66. Ke4 Ng4 67. Bb2 Kg6 68. Kf4 Nf2 69. Kf3 Nd3 70. Bf6 Nc5 71. Kg4
Ne4 72. Bd8 Nd6 73. Be7 Nf7 74. Kf4 Nh8 75. Bf6 Nf7 1/2-1/2

[Event "Quebec op Open"]
[Site "Montreal CAN"]
[Date "2010.07.31"]
[Round "9"]
[White "Zhang, Zhiyuan"]
[Black "Cvetkovic, Simeon"]
[Result "0-1"]
[WhiteElo "1893"]
[BlackElo "1901"]
[PlyCount "117"]
[EventDate "2010.07.24"]
[EventType "swiss"]
[EventRounds "9"]
[EventCountry "CAN"]

1. e4 e6 2. d4 d5 3. Nd2 dxe4 4. Nxe4 Nd7 5. Nf3 Ngf6 6. Bd3 Be7 7. O-O O-O 8.
c3 b6 9. Re1 Bb7 10. Bf4 Nd5 11. Bg3 f5 12. Ned2 f4 13. Qe2 fxg3 14. Qxe6+ Kh8
15. hxg3 Re8 16. Bf5 Nf8 17. Qe2 Bf6 18. Qd3 g6 19. Be4 c6 20. Qc2 Rc8 21. Nc4
Rc7 22. Qd2 Kg7 23. Nce5 Bc8 24. Rad1 Ne7 25. g4 h6 26. c4 Nd7 27. g5 hxg5 28.
Qe3 Nf8 29. d5 cxd5 30. cxd5 Qd6 31. Qd4 b5 32. Bd3 Nf5 33. Qe4 Bxe5 34. Nxe5
Rce7 35. Bxb5 Rxe5 36. Bxe8 Rxe4 37. Rxe4 Bd7 38. Bxd7 Nxd7 39. a3 Nc5 40. Rc4
Ne7 41. Rg4 Kf6 42. a4 Kf5 43. Rgd4 Nd7 44. a5 Nf6 45. b4 Nexd5 46. Re1 g4 47.
Re2 Qc6 48. Red2 Nf4 49. f3 gxf3 50. Rd6 f2+ 51. Rxf2 Qxd6 52. g3 g5 53. gxf4
gxf4 54. b5 Qd1+ 55. Kg2 Ne4 56. Rb2 f3+ 57. Kh2 f2 58. b6 f1=Q 59. bxa7 0-1

[Event "Quebec op Open"]
[Site "Montreal CAN"]
[Date "2010.07.31"]
[Round "9"]
[White "Zhu, Hong Rui"]
[Black "Malette, Martin"]
[Result "1/2-1/2"]
[WhiteElo "1885"]
[BlackElo "1981"]
[PlyCount "129"]
[EventDate "2010.07.24"]
[EventType "swiss"]
[EventRounds "9"]
[EventCountry "CAN"]

1. e4 e5 2. Nf3 Nc6 3. Bb5 a6 4. Ba4 Nf6 5. O-O Nxe4 6. d4 exd4 7. Re1 d5 8.
Nxd4 Bd6 9. g3 O-O 10. Nxc6 bxc6 11. Bxc6 Nxf2 12. Kxf2 Bc5+ 13. Be3 Qf6+ 14.
Qf3 Bxe3+ 15. Rxe3 Qxc6 16. Nc3 Bb7 17. Rd3 Qb6+ 18. Qe3 Qxb2 19. Re1 Rad8 20.
Qd2 Qb6+ 21. Kf1 Qf6+ 22. Qf2 Qxf2+ 23. Kxf2 c6 24. Na4 Rfe8 25. Rb1 Bc8 26.
Rb6 Bg4 27. Rd2 Rd6 28. Nc5 Bh3 29. Re2 Rf6+ 30. Ke1 Rxe2+ 31. Kxe2 h5 32. Nxa6
Bf1+ 33. Ke3 Re6+ 34. Kf2 Bb5 35. Nb4 Kf8 36. Nxd5 Re2+ 37. Kf3 cxd5 38. Rxb5
Rxc2 39. Rxd5 Rxh2 40. a4 Ra2 41. Rxh5 Rxa4 42. Rb5 g6 43. g4 Ke7 44. g5 Ke6
45. Rb6+ Kf5 46. Rb5+ Ke6 47. Rb6+ Ke7 48. Rb7+ Kf8 49. Rb5 Rd4 50. Ke3 Rh4 51.
Kf3 Rc4 52. Kg3 Rd4 53. Kf3 Ke7 54. Ke3 Rc4 55. Kf3 Kd6 56. Rb7 Rc1 57. Rb6+
Kc5 58. Rb7 Rf1+ 59. Kg4 Kd5 60. Rb5+ Ke4 61. Rb4+ Ke3 62. Rb3+ Kf2 63. Rf3+
Ke2 64. Rxf1 Kxf1 65. Kf3 1/2-1/2

[Event "Quebec op U1400"]
[Site "Montreal CAN"]
[Date "2010.07.24"]
[Round "1"]
[White "Authier, Marc-Antoine"]
[Black "Nikulich, Oleksandr"]
[Result "0-1"]
[WhiteElo "1097"]
[BlackElo "1258"]
[PlyCount "102"]
[EventDate "2010.07.24"]
[EventType "swiss"]
[EventRounds "9"]
[EventCountry "CAN"]

1. e4 e5 2. Nf3 Nc6 3. Bb5 a6 4. Bxc6 dxc6 5. Nxe5 Qd4 6. Ng4 Qxe4+ 7. Ne3 Be6
8. O-O O-O-O 9. Nc3 Qg6 10. d3 Bd6 11. Nc4 Bxc4 12. dxc4 Bxh2+ 13. Kxh2 Rxd1
14. Nxd1 Nf6 15. f3 Rd8 16. Ne3 Nh5 17. g4 Nf6 18. Nf5 Kb8 19. Be3 h5 20. Rad1
Rxd1 21. Rxd1 b6 22. Rd8+ Kb7 23. g5 Qxf5 24. gxf6 Qxf6 25. Rd3 Qxb2 26. Rd7
Qe5+ 27. Kg2 Qxe3 28. Rxf7 Qe2+ 29. Kg3 Qxc2 30. Rxg7 Qxc4 31. Rh7 Qg8+ 32. Kf4
Qxh7 33. Kg5 h4 34. f4 h3 35. f5 Qxf5+ 36. Kxf5 h2 37. a4 h1=Q 38. a5 Qf3+ 39.
Ke5 c5 40. Ke6 Kc6 41. Ke5 Qd5+ 42. Kf4 Qe6 43. axb6 cxb6 44. Kf3 c4 45. Kf4 c3
46. Kf3 c2 47. Kg3 c1=Q 48. Kf2 Qc5+ 49. Kg3 Qf6 50. Kh3 Qg6 51. Kh4 Qch5# 0-1

[Event "Quebec op U1700"]
[Site "Montreal CAN"]
[Date "2010.07.24"]
[Round "1"]
[White "Harbi, Imed"]
[Black "Lescarbeau, Martin"]
[Result "0-1"]
[WhiteElo "1300"]
[BlackElo "1478"]
[PlyCount "106"]
[EventDate "2010.07.24"]
[EventType "swiss"]
[EventRounds "9"]
[EventCountry "CAN"]

1. e4 e5 2. f4 Bc5 3. Nf3 d6 4. Bc4 exf4 5. d4 Bb6 6. O-O Bg4 7. Bxf4 Qf6 8.
Be3 Nh6 9. Nc3 O-O 10. Nd5 Qd8 11. Bxh6 gxh6 12. c3 Kh8 13. Qd3 Bxf3 14. Rxf3
Qg5 15. Qe2 Nd7 16. Raf1 c6 17. Nxb6 Nxb6 18. Rxf7 Rxf7 19. Bxf7 Rf8 20. b3 Nd7
21. Qf3 Kg7 22. h4 Qxh4 23. Qf5 Nf6 24. Bc4 Qxe4 25. Qf2 b5 26. Be2 Qg6 27. Qf4
Rf7 28. Kh1 d5 29. Qe5 Qg5 30. Rf5 Qc1+ 31. Kh2 Qe1 32. Rf1 Qh4+ 33. Kg1 Qe4
34. Qg3+ Kf8 35. Bd3 Qe7 36. Qf4 Kg7 37. Qg3+ Kh8 38. Qf4 h5 39. Qf5 Qe3+ 40.
Kh1 Qh6 41. Qe6 Kg7 42. Qf5 Qg6 43. Qh3 Qg4 44. Qe3 Qh4+ 45. Kg1 Ne4 46. Rxf7+
Kxf7 47. Qf3+ Ke7 48. Qf5 Qe1+ 49. Kh2 Qg3+ 50. Kg1 Qxd3 51. Qe5+ Kd7 52. Qf5+
Kc7 53. Qe5+ Kb6 0-1

[Event "Quebec op U1700"]
[Site "Montreal CAN"]
[Date "2010.07.25"]
[Round "2"]
[White "Girard, Sylvain"]
[Black "Harbi, Imed"]
[Result "0-1"]
[WhiteElo "1528"]
[BlackElo "1300"]
[PlyCount "95"]
[EventDate "2010.07.24"]
[EventType "swiss"]
[EventRounds "9"]
[EventCountry "CAN"]

1. e4 Nf6 2. e5 Nd5 3. d4 d6 4. f4 dxe5 5. fxe5 g6 6. Bc4 Nb6 7. Bb3 e6 8. Be3
c5 9. c3 cxd4 10. cxd4 Nc6 11. Nf3 Bg7 12. O-O O-O 13. Nc3 a6 14. Ne4 Nb4 15.
Qd2 N4d5 16. Bh6 Bd7 17. Bxg7 Kxg7 18. Nfg5 h6 19. Nh3 Nc8 20. Rf3 f6 21. Raf1
f5 22. Nc5 Rb8 23. Nf4 Nxf4 24. Qxf4 Qe7 25. Rc3 Bc6 26. Nd3 Na7 27. Nc1 Rbc8
28. Rh3 g5 29. Qd2 Bb5 30. Rd1 Bc4 31. Bxc4 Rxc4 32. Rd3 Rd8 33. Kf2 Qb4 34.
Qxb4 Rxb4 35. d5 exd5 36. Rxd5 Rxd5 37. Rxd5 Nb5 38. Nd3 Rd4 39. Rxd4 Nxd4 40.
Ke1 Kf7 41. Kd2 a5 42. Kc3 Nc6 43. Kc4 Ke6 44. Kb5 Nxe5 45. Nxe5 Kxe5 46. Kxa5
g4 47. Kb6 f4 48. Kxb7 0-1

[Event "Quebec op U1700"]
[Site "Montreal CAN"]
[Date "2010.07.25"]
[Round "3"]
[White "Harbi, Imed"]
[Black "Soskic, Milan"]
[Result "0-1"]
[WhiteElo "1300"]
[BlackElo "1461"]
[PlyCount "120"]
[EventDate "2010.07.24"]
[EventType "swiss"]
[EventRounds "9"]
[EventCountry "CAN"]

1. e4 c5 2. d3 d6 3. Nf3 Nc6 4. g3 Nf6 5. Bg2 e6 6. Nbd2 Be7 7. O-O O-O 8. Re1
e5 9. c3 Bg4 10. Nf1 Qd7 11. Bg5 Ne8 12. Bxe7 Nxe7 13. Ne3 Bh3 14. Nf5 Bxg2 15.
Kxg2 h6 16. Ne3 f5 17. exf5 Nxf5 18. Nxf5 Qxf5 19. Qe2 Nf6 20. Nh4 Qd7 21. Nf3
Rae8 22. Nd2 b5 23. f3 Rf7 24. Ne4 Ref8 25. Rf1 Nd5 26. Rf2 a5 27. a3 Rf5 28.
Raf1 Rh5 29. c4 bxc4 30. dxc4 Nf4+ 31. gxf4 Rxf4 32. Kh1 Rfh4 33. Rg1 Rf4 34.
Rfg2 Rf7 35. Rg3 Rhf5 36. Qg2 g5 37. Rf1 Rf4 38. h3 d5 39. cxd5 Qxd5 40. Nc3
Qb3 41. Rg1 Qb7 42. Ne4 Qc6 43. Nxg5 hxg5 44. Rxg5+ Kf8 45. Rg8+ Ke7 46. Qd2
Qxf3+ 47. Kh2 Qf2+ 48. R1g2 Qxd2 49. Rxd2 Rf2+ 50. Rxf2 Rxf2+ 51. Rg2 Rf7 52.
Re2 Ke6 53. h4 Kd5 54. Kg3 Kd4 55. h5 c4 56. Kh4 e4 57. h6 Kd3 58. Rg2 e3 59.
Rg6 e2 60. Rd6+ Kc2 0-1

[Event "Quebec op U1700"]
[Site "Montreal CAN"]
[Date "2010.07.26"]
[Round "4"]
[White "Harbi, Imed"]
[Black "Hanna, Frederic"]
[Result "0-1"]
[WhiteElo "1300"]
[BlackElo "1518"]
[PlyCount "61"]
[EventDate "2010.07.24"]
[EventType "swiss"]
[EventRounds "9"]
[EventCountry "CAN"]

1. e4 e6 2. d3 d5 3. Nd2 Nf6 4. Ngf3 c5 5. g3 Nc6 6. Bg2 Bd6 7. O-O O-O 8. Re1
Re8 9. e5 Nxe5 10. Nxe5 Qc7 11. Nef3 b5 12. h4 Bb7 13. Nf1 h6 14. Qe2 d4 15.
N1h2 Rad8 16. Ne5 Nd5 17. Nhg4 c4 18. Nxh6+ gxh6 19. Qg4+ Kh8 20. Bxh6 Bxe5 21.
Qh5 f6 22. Rxe5 fxe5 23. Bg5+ Qh7 24. Qxh7+ Kxh7 25. Bxd8 Rxd8 26. Re1 Rd7 27.
Rxe5 cxd3 28. cxd3 Nb4 29. Rxb5 Bxg2 30. Rxb4 Bh3 31. Rc4 0-1

[Event "Quebec op U1700"]
[Site "Montreal CAN"]
[Date "2010.07.27"]
[Round "5"]
[White "Langlois, Jean-Marie"]
[Black "Harbi, Imed"]
[Result "1-0"]
[WhiteElo "1387"]
[BlackElo "1300"]
[PlyCount "96"]
[EventDate "2010.07.24"]
[EventType "swiss"]
[EventRounds "9"]
[EventCountry "CAN"]

1. d4 Nf6 2. c4 g6 3. Nf3 Bg7 4. Nc3 O-O 5. e4 d6 6. h3 Na6 7. Be2 e5 8. Be3
Nb8 9. Qd2 Nc6 10. d5 Ne7 11. Bh6 b6 12. Bxg7 Kxg7 13. O-O Ne8 14. Nh2 f5 15.
f4 exf4 16. Qxf4 Nf6 17. e5 dxe5 18. Qxe5 Qd6 19. Qxd6 cxd6 20. Rf2 Bd7 21. Re1
Rae8 22. Bd3 Neg8 23. Rfe2 Rxe2 24. Rxe2 Re8 25. Rxe8 Bxe8 26. b4 Ne7 27. Kf2
Nd7 28. Ke3 Nb8 29. Nf3 a6 30. a4 Nd7 31. Ng5 Bf7 32. Kd4 h6 33. Ne6+ Bxe6 34.
dxe6 Ne5 35. Nd5 N5c6+ 36. Ke3 Nxd5+ 37. cxd5 Nb8 38. Kd4 Kf6 39. a5 b5 40. Ke3
Kg7 41. Kf3 Kf6 42. g4 fxg4+ 43. hxg4 g5 44. Bh7 Ke7 45. Bg6 Kf6 46. Bh5 Ke7
47. Ke4 Kf6 48. Bf7 Ke7 1-0